[Event "As Autumn"]
[Site "As"]
[Date "2016.12.08"]
[Round "9"]
[White "Johnson, David"]
[Black "Fuglseth, Jan"]
[Result "1-0"]
[WhiteElo "1443"]
[BlackElo "1478"]
[PlyCount "113"]
[EventDate "2016.09.01"]
[EventType "swiss"]
[EventRounds "9"]
[EventCountry "NOR"]
[SourceTitle "EXT 2024"]
[Source "ChessBase"]
[SourceDate "2023.10.10"]
[SourceVersion "1"]
[SourceVersionDate "2023.10.10"]
[SourceQuality "1"]

1. e4 c5 2. Nc3 Nc6 3. Bc4 g6 4. f4 e6 5. Nf3 Bg7 6. 0-0 Nge7 7. Qe1 0-0 8. e5 Nf5 9. a3 d5 10. exd6 Nxd6 11. Ba2 b5 12. d3 a6 13. Ne5 Bb7 14. Rb1 Qc7 15. Nd1 Rad8 16. Nf2 Nd4 17. c3 N4f5 18. Nfg4 h5 19. Ne3 Qb6 20. Nxf5 Nxf5 21. Qe2 c4+ 22. d4 Bd5 23. Bd2 Qb7 24. Rbd1 Rfe8 25. Bb1 Nd6 26. Nxg6 Be4 27. Ne5 f6 28. Nf3 Kf7 29. Nh4 Rh8 30. Rde1 f5 31. Qf2 Bf6 32. Nf3 Rdg8 33. Bxe4 Nxe4 34. Qe2 Rg7 35. Ng5+ Nxg5 36. fxg5 Bxg5 37. Bxg5 Rxg5 38. Qxe6+ Kg7 39. Qe5+ Kh7 40. Re2 Rhg8 41. Qe7+ Qxe7 42. Rxe7+ Kh6 43. Rf2 h4 44. Re6+ Kh5 45. h3 f4 46. Rf6 Rg3 47. Kf1 Rd3 48. R6xf4 Rd1+ 49. Ke2 Rb1 50. Kf3 Rg3+ 51. Ke4 Re1+ 52. Kd5 Rge3 53. Kc5 Re6 54. Rf5+ Kg6 55. d5 R6e5 56. Rxe5 Rxe5 57. Kc6 1-0

[Event "Follo op"]
[Site "Follo"]
[Date "2014.11.14"]
[Round "8"]
[White "Fuglseth, Jan"]
[Black "Moshovd, Per Age"]
[Result "1-0"]
[WhiteElo "1350"]
[BlackElo "1624"]
[PlyCount "75"]
[EventDate "2014.09.04"]
[EventType "swiss"]
[EventRounds "9"]
[EventCountry "NOR"]
[SourceTitle "EXT 2017"]
[Source "ChessBase"]
[SourceDate "2016.10.25"]
[SourceVersion "1"]
[SourceVersionDate "2016.10.25"]
[SourceQuality "1"]

1. c4 e5 2. Nc3 Nf6 3. Nf3 Nc6 4. e3 d6 5. d4 Bg4 6. Be2 Be7 7. d5 Nb8 8. h3 Bxf3 9. Bxf3 0-0 10. 0-0 Nbd7 11. Bd2 h6 12. Qc2 Nh7 13. Bg4 Ndf6 14. Be2 g5 15. Ne4 Nxe4 16. Qxe4 f5 17. Qc2 Rf6 18. f4 gxf4 19. Bc3 fxe3 20. Rxf5 Qd7 21. Bg4 Qe8 22. Raf1 Qg6 23. Bh5 Qg7 24. Qe4 Raf8 25. Rxf6 Rxf6 26. Qxe3 Rxf1+ 27. Kxf1 Nf6 28. Be2 c6 29. dxc6 bxc6 30. Qxa7 Ne4 31. Bf3 Ng3+ 32. Ke1 Qg5 33. Bd2 Qh4 34. Qf2 e4 35. Bg4 Bf6 36. Bf4 Be5 37. Bxe5 dxe5 38. Be6+ 1-0

[Event "As CC-ch A"]
[Site "As"]
[Date "2014.04.10"]
[Round "9"]
[White "Fuglseth, Jan"]
[Black "Kielland Lund, Jon"]
[Result "0-1"]
[WhiteElo "1584"]
[BlackElo "1609"]
[PlyCount "98"]
[EventDate "2014.01.16"]
[EventType "swiss"]
[EventRounds "9"]
[EventCountry "NOR"]
[SourceTitle "EXT 2024"]
[Source "ChessBase"]
[SourceDate "2023.10.10"]
[SourceVersion "1"]
[SourceVersionDate "2023.10.10"]
[SourceQuality "1"]

1. c4 c5 2. Nc3 Nf6 3. Nf3 d5 4. e3 d4 5. exd4 cxd4 6. Nb5 Nc6 7. d3 e5 8. Bg5 a6 9. Na3 Bb4+ 10. Nd2 0-0 11. Be2 Qd6 12. Nc2 Ba5 13. 0-0 Bf5 14. Bxf6 Qxf6 15. f3 Qg6 16. Ne4 Bc7 17. b4 b5 18. c5 Ne7 19. Kh1 Nd5 20. g3 Bxe4 21. fxe4 Nc3 22. Qd2 Qe6 23. Rf5 g6 24. Rf2 Kg7 25. Bf3 Bd8 26. a3 h6 27. Qe1 Ra7 28. Qg1 Be7 29. Rc1 Rfa8 30. Rff1 a5 31. Rfe1 Qb3 32. Nxd4 Qxa3 33. Nc6 Rc7 34. Ra1 Qb3 35. Nxe7 Rxe7 36. bxa5 Rd7 37. Qe3 Ra6 38. Rec1 Na4 39. Bd1 Qb4 40. Bxa4 bxa4 41. Rc4 Qb3 42. Raxa4 Rxd3 43. Qe2 Rxa5 44. Rab4 Ra1+ 45. Kg2 Ra2 46. Kf2 Rxe2+ 47. Kxe2 Qd1+ 48. Kf2 Rd2+ 49. Ke3 Qe2# 0-1

[Event "As CC-ch A"]
[Site "As"]
[Date "2014.03.27"]
[Round "8"]
[White "Lea, Per"]
[Black "Fuglseth, Jan"]
[Result "1-0"]
[WhiteElo "1662"]
[BlackElo "1584"]
[PlyCount "77"]
[EventDate "2014.01.16"]
[EventType "swiss"]
[EventRounds "9"]
[EventCountry "NOR"]
[SourceTitle "EXT 2024"]
[Source "ChessBase"]
[SourceDate "2023.10.10"]
[SourceVersion "1"]
[SourceVersionDate "2023.10.10"]
[SourceQuality "1"]

1. e4 c6 2. d4 d5 3. Nc3 dxe4 4. Nxe4 Nf6 5. Nxf6+ gxf6 6. Bc4 Bf5 7. Nf3 e6 8. Bf4 Bd6 9. Bxd6 Qxd6 10. Qd2 Nd7 11. 0-0-0 0-0-0 12. Rhe1 Nb6 13. Bb3 Nd5 14. c4 Nf4 15. c5 Qc7 16. Bc2 Bg6 17. g3 Nd5 18. Bxg6 hxg6 19. h4 Rhe8 20. Qc2 Rd7 21. Nd2 Ne7 22. Ne4 Nd5 23. Nd6+ Rxd6 24. cxd6 Qxd6 25. Qc5 Kc7 26. Qxa7 Qb4 27. Qc5 Qa4 28. Rd3 Qa8 29. Ra3 Qc8 30. Ra7 e5 31. Qa5+ Nb6 32. dxe5 Qf5 33. f4 Qd3 34. Qc3 Qd5 35. Ra5 Qg2 36. exf6 Rd8 37. Re7+ Kb8 38. Qe5+ Kc8 39. Qc7# 1-0

[Event "As CC-ch A"]
[Site "As"]
[Date "2014.02.27"]
[Round "5"]
[White "Lange, Holger1111"]
[Black "Fuglseth, Jan"]
[Result "1-0"]
[WhiteElo "1634"]
[BlackElo "1584"]
[PlyCount "129"]
[EventDate "2014.01.16"]
[EventType "swiss"]
[EventRounds "9"]
[EventCountry "NOR"]
[SourceTitle "EXT 2024"]
[Source "ChessBase"]
[SourceDate "2023.10.10"]
[SourceVersion "1"]
[SourceVersionDate "2023.10.10"]
[SourceQuality "1"]

1. e4 c6 2. d4 d5 3. exd5 cxd5 4. Bd3 Nf6 5. Nf3 e6 6. 0-0 Bd6 7. c3 Nbd7 8. Re1 0-0 9. Bg5 h6 10. Bh4 Qc7 11. Nbd2 g5 12. Bg3 Nh5 13. Ne5 Nxg3 14. Nxd7 Qxd7 15. hxg3 f5 16. Qh5 Qg7 17. Nf3 Bd7 18. Ne5 Be8 19. Qe2 Bxe5 20. Qxe5 Qxe5 21. Rxe5 Rf6 22. Rae1 Bd7 23. c4 dxc4 24. Bxc4 Kf7 25. d5 Re8 26. Rd1 a6 27. Bb3 b5 28. Rc1 Ke7 29. Ree1 Rc8 30. Rxc8 Bxc8 31. Rc1 Bd7 32. Rc7 exd5 33. Rc5 d4 34. Re5+ Be6 35. f4 g4 36. Kf2 Kd6 37. Bc2 Rf7 38. Ke2 Re7 39. Kd3 Rc7 40. Kd2 Rc5 41. Re1 a5 42. Rh1 a4 43. Rxh6 Rd5 44. b3 a3 45. b4 Ke7 46. Rh7+ Kf6 47. Ra7 Rd6 48. Rxa3 Bd5 49. Bd3 Bc4 50. Ra5 Rb6 51. a4 Bxd3 52. Kxd3 bxa4 53. Rxa4 Ke6 54. Kxd4 Rd6+ 55. Ke3 Rb6 56. Kd3 Rd6+ 57. Kc3 Rc6+ 58. Kb3 Kd5 59. Ra2 Kd4 60. Rd2+ Ke3 61. Rc2 Rb6 62. Rb2 Kd3 63. Ra2 Rb7 64. Ra5 Ke4 65. Re5+ 1-0

[Event "As CC-ch A"]
[Site "As"]
[Date "2014.02.13"]
[Round "4"]
[White "Fuglseth, Jan"]
[Black "Bakken, Svein Erik"]
[Result "1-0"]
[WhiteElo "1584"]
[BlackElo "1408"]
[PlyCount "93"]
[EventDate "2014.01.16"]
[EventType "swiss"]
[EventRounds "9"]
[EventCountry "NOR"]
[SourceTitle "EXT 2024"]
[Source "ChessBase"]
[SourceDate "2023.10.10"]
[SourceVersion "1"]
[SourceVersionDate "2023.10.10"]
[SourceQuality "1"]

1. c4 c5 2. Nc3 e6 3. Nf3 a6 4. d4 cxd4 5. Nxd4 Qc7 6. e3 Nf6 7. Bd3 Nc6 8. 0-0 Be7 9. Bd2 0-0 10. Rc1 d6 11. f4 Bd7 12. Nf3 Rac8 13. a3 Qd8 14. b4 Na7 15. Qe2 Bc6 16. e4 Qd7 17. Be3 Ra8 18. Rcd1 Qc7 19. h3 Nd7 20. Nd4 Bf6 21. Rc1 Qd8 22. Qh5 g6 23. Qg4 Bg7 24. Nf3 Nf6 25. Qh4 Nc8 26. Nd4 Bd7 27. f5 Nh5 28. Qe1 Ne7 29. Nce2 exf5 30. exf5 Nc6 31. Qd2 Ne5 32. Be4 Nf6 33. Bxb7 Rb8 34. Bd5 Qc8 35. fxg6 Nxg6 36. Nf4 Nxd5 37. Nxd5 Qd8 38. Bg5 f6 39. Bh6 Ne5 40. Qe3 Rc8 41. Qg3 Ng6 42. Bxg7 Kxg7 43. Qxd6 Ne5 44. c5 Nc6 45. Nf4 Nxd4 46. Qxd4 Bb5 47. Ne6+ 1-0

[Event "As CC-ch A"]
[Site "As"]
[Date "2014.02.06"]
[Round "3"]
[White "Furnes, Torstein"]
[Black "Fuglseth, Jan"]
[Result "1-0"]
[WhiteElo "1595"]
[BlackElo "1584"]
[PlyCount "35"]
[EventDate "2014.01.16"]
[EventType "swiss"]
[EventRounds "9"]
[EventCountry "NOR"]
[SourceTitle "EXT 2024"]
[Source "ChessBase"]
[SourceDate "2023.10.10"]
[SourceVersion "1"]
[SourceVersionDate "2023.10.10"]
[SourceQuality "1"]

1. d4 Nf6 2. c4 g6 3. Nc3 Bg7 4. e4 d6 5. Nf3 Bg4 6. Be2 0-0 7. 0-0 Bxf3 8. Bxf3 e5 9. d5 Nbd7 10. Bg5 h6 11. Be3 b6 12. Qd2 Kh7 13. b4 Nxe4 14. Bxe4 f5 15. Bc2 f4 16. Qd3 fxe3 17. Qxg6+ Kh8 18. Qh7# 1-0

[Event "As CC-ch A"]
[Site "As"]
[Date "2014.01.23"]
[Round "2"]
[White "Fuglseth, Jan"]
[Black "Holm, Bjarne"]
[Result "0-1"]
[WhiteElo "1584"]
[BlackElo "1447"]
[PlyCount "79"]
[EventDate "2014.01.16"]
[EventType "swiss"]
[EventRounds "9"]
[EventCountry "NOR"]
[SourceTitle "EXT 2024"]
[Source "ChessBase"]
[SourceDate "2023.10.10"]
[SourceVersion "1"]
[SourceVersionDate "2023.10.10"]
[SourceQuality "1"]

1. c4 Nf6 2. Nc3 e6 3. Nf3 d5 4. d4 Be7 5. cxd5 exd5 6. e3 b6 7. Qc2 Bb7 8. Bd3 Nbd7 9. 0-0 0-0 10. Bd2 c5 11. Bf5 a6 12. Rac1 g6 13. Bh3 Ne4 14. Ne1 Nxd2 15. Qxd2 f5 16. Nd3 Nf6 17. f3 Qc7 18. Ne2 c4 19. Ndf4 Qd6 20. Nc3 b5 21. a3 Bc6 22. Rfe1 a5 23. Rcd1 b4 24. axb4 axb4 25. Nb1 Ra2 26. Qc1 Ba4 27. Rd2 Ra8 28. g3 Ra1 29. e4 fxe4 30. fxe4 Nxe4 31. Be6+ Kh8 32. Bxd5 Nxd2 33. Bxa8 Qxd4+ 34. Kg2 Rxb1 35. Qxb1 Nxb1 36. Rxe7 Qd8 37. Ra7 Qd2+ 38. Kh1 Bc2 39. Bd5 Qe1+ 40. Kg2 0-1